[Event "RUS-chT1 (Women)"]
[Site "Protvino"]
[Date "2001.??.??"]
[Round "2"]
[White "Malina, Diana"]
[Black "Rubzova, Tatiana"]
[Result "1/2-1/2"]
[WhiteElo "2188"]
[BlackElo "2284"]
[PlyCount "97"]
[EventDate "2001.02.??"]
[EventType "team"]
[EventRounds "9"]
[EventCountry "RUS"]
[SourceTitle "EXT 2002"]
[Source "ChessBase"]
[SourceDate "2001.11.25"]
[SourceVersion "1"]
[SourceVersionDate "2001.11.25"]
[SourceQuality "1"]

1. c4 c5 2. Nc3 Nf6 3. g3 d5 4. cxd5 Nxd5 5. Bg2 Nc7 6. Nf3 Nc6 7. d3 e5 8. 0-0 Be7 9. Nd2 Bd7 10. Nc4 f6 11. f4 exf4 12. Bxf4 Be6 13. Qb3 Rb8 14. Nb5 Nxb5 15. Qxb5 Rc8 16. Qxb7 Nd4 17. Rf2 0-0 18. Raf1 Bg4 19. Qd5+ Kh8 20. Qxd8 Rcxd8 21. b3 Rfe8 22. Re1 Bf8 23. e4 Nc6 24. Rd2 Rd7 25. Kf2 Red8 26. e5 Nb4 27. h3 Bf5 28. Bf1 Be7 29. a3 Nxd3+ 30. Bxd3 Rxd3 31. Rxd3 Bxd3 32. Rd1 Bc2 33. Rxd8+ Bxd8 34. b4 Bb3 35. Nd2 c4 36. e6 Ba2 37. Ne4 c3 38. Nxc3 Bxe6 39. h4 Bc4 40. Ke3 Bb6+ 41. Ke4 a6 42. Be3 f5+ 43. Kf3 Bd8 44. Bd4 Kg8 45. a4 Kf7 46. b5 axb5 47. axb5 Ba5 48. b6 Bxc3 49. Bxc3 1/2-1/2

[Event "RUS-chT1 (Women)"]
[Site "Protvino"]
[Date "2001.??.??"]
[Round "3"]
[White "Turova, Irina"]
[Black "Malina, Diana"]
[Result "1-0"]
[WhiteElo "2299"]
[BlackElo "2188"]
[PlyCount "91"]
[EventDate "2001.02.??"]
[EventType "team"]
[EventRounds "9"]
[EventCountry "RUS"]
[SourceTitle "EXT 2002"]
[Source "ChessBase"]
[SourceDate "2001.11.25"]
[SourceVersion "1"]
[SourceVersionDate "2001.11.25"]
[SourceQuality "1"]

1. d4 f5 2. g3 Nf6 3. Bg2 g6 4. b3 Bg7 5. Bb2 d6 6. Nf3 0-0 7. 0-0 Qe8 8. Nbd2 Nbd7 9. Nc4 h6 10. d5 Nc5 11. Nd4 e5 12. dxe6 Nxe6 13. a4 d5 14. Ne3 c6 15. c4 Nxd4 16. Bxd4 dxc4 17. Nxc4 Qe7 18. Qc2 Rd8 19. Rad1 Be6 20. a5 Nd5 21. e3 Bf7 22. Qb2 Bxd4 23. Rxd4 Nb4 24. Rfd1 c5 25. R4d2 Bxc4 26. bxc4 Rac8 27. h4 Rxd2 28. Qxd2 Nc6 29. Bxc6 Rxc6 30. h5 Kg7 31. hxg6 Rxg6 32. Qd5 Rf6 33. Rd2 Rf7 34. Rd1 Qc7 35. Qe6 Qe7 36. Qxe7 Rxe7 37. Rd5 Kf6 38. Rxc5 Rd7 39. Kg2 Kg6 40. Kf3 Kf6 41. Kf4 Re7 42. Rxf5+ Kg6 43. e4 Rc7 44. c5 Rc6 45. Rd5 Kf7 46. Rd7+ 1-0

[Event "RUS-ch (Women)"]
[Site "Elista"]
[Date "2000.05.19"]
[Round "9"]
[White "Malina, Diana"]
[Black "Saunina, Ludmila"]
[Result "1-0"]
[WhiteElo "2149"]
[BlackElo "2260"]
[PlyCount "71"]
[EventDate "2000.05.11"]
[EventType "swiss"]
[EventRounds "9"]
[EventCountry "RUS"]
[SourceTitle "CBM 076 Extra"]
[Source "ChessBase"]
[SourceDate "2000.07.11"]
[SourceVersion "1"]
[SourceVersionDate "2000.07.11"]
[SourceQuality "1"]

1. c4 e5 2. Nc3 d6 3. g3 Be6 4. Bg2 c6 5. d3 Nf6 6. Nf3 h6 7. 0-0 Be7 8. b3 0-0 9. e4 c5 10. Nh4 Nc6 11. f4 Bg4 12. Nf3 Nd4 13. Ne2 Qc8 14. f5 Nh7 15. Nexd4 exd4 16. h3 Bxf3 17. Qxf3 Bg5 18. Bf4 Qc7 19. Rae1 Rfe8 20. Qf2 Bxf4 21. gxf4 Rab8 22. Qg3 f6 23. Rf2 Nf8 24. e5 dxe5 25. Bd5+ Kh8 26. fxe5 Nd7 27. Rg2 Nxe5 28. Re4 Re7 29. Rh4 Rbe8 30. Be6 Qc6 31. Bd5 Qc7 32. Be6 Qa5 33. Bd5 Nxd3 34. Re4 Ne1 35. Rxe7 Nf3+ 36. Kh1 1-0

[Event "RUS-ch (Women)"]
[Site "Elista"]
[Date "2000.05.18"]
[Round "8"]
[White "Chasovnikova, Eugenia"]
[Black "Malina, Diana"]
[Result "0-1"]
[WhiteElo "2185"]
[BlackElo "2149"]
[PlyCount "126"]
[EventDate "2000.05.11"]
[EventType "swiss"]
[EventRounds "9"]
[EventCountry "RUS"]
[SourceTitle "CBM 076 Extra"]
[Source "ChessBase"]
[SourceDate "2000.07.11"]
[SourceVersion "1"]
[SourceVersionDate "2000.07.11"]
[SourceQuality "1"]

1. d4 f5 2. g3 Nf6 3. Bg2 g6 4. c3 Bg7 5. Qb3 c6 6. Nh3 d5 7. Nf4 Qc7 8. 0-0 0-0 9. Nd2 Kh8 10. Nf3 e6 11. c4 Qe7 12. Bd2 Qe8 13. Qc2 Nbd7 14. Nd3 Ne4 15. Bf4 h6 16. Nfe5 g5 17. Be3 Nxe5 18. Nxe5 Nf6 19. f3 Nd7 20. Nd3 dxc4 21. Qxc4 e5 22. dxe5 Nxe5 23. Nxe5 Qxe5 24. Bc5 Re8 25. e3 Qxb2 26. Rab1 Qc3 27. Qf7 Be6 28. Qxg7+ Kxg7 29. Bd4+ Qxd4 30. exd4 b6 31. f4 Bxa2 32. Rb2 Bc4 33. Bxc6 Bxf1 34. Kxf1 Rad8 35. Bxe8 Rxe8 36. fxg5 hxg5 37. Kf2 Kf6 38. Kf3 Re4 39. Ra2 g4+ 40. Kf2 Rxd4 41. Rxa7 Rd2+ 42. Kg1 b5 43. Rb7 Rb2 44. Rb8 Ke5 45. Re8+ Kd4 46. Rf8 Ke4 47. Re8+ Kf3 48. Re1 Rg2+ 49. Kh1 Rc2 50. Rf1+ Ke4 51. Kg1 Rc5 52. h3 gxh3 53. Kh2 Kd3 54. Kxh3 b4 55. Rf3+ Kc2 56. Rf2+ Kc3 57. Rf3+ Kb2 58. Rf2+ Ka3 59. g4 fxg4+ 60. Kxg4 b3 61. Rf8 b2 62. Rb8 Rc4+ 63. Kf3 Rb4 0-1